|
|
|
|
| LEADER |
00706nta a2200193 i 4500 |
| 001 |
dipl63295 |
| 005 |
20220831090907.0 |
| 008 |
220830s2015 hu om 0|| hun d |
| 040 |
|
|
|a SZTE Diploma Repozitórium
|b hun
|
| 041 |
|
|
|a hun
|
| 100 |
2 |
|
|a P. Nagy Róbert
|
| 245 |
1 |
2 |
|a A Nemzetközi Munkaügyi Szervezet története
|h [elektronikus dokumentum] /
|c Róbert P. Nagy
|
| 246 |
1 |
0 |
|a History of the International Labour Organization
|h [elektronikus dokumentum]
|
| 260 |
|
|
|c 2015
|
| 650 |
|
4 |
|a Jogi és igazgatási tanulmányok
|
| 650 |
|
4 |
|a Social sciences
|
| 650 |
|
4 |
|a Law
|
| 700 |
1 |
|
|a Ember Alex Frigyes
|e ths
|
| 856 |
4 |
0 |
|u https://diploma.bibl.u-szeged.hu/id/eprint/63295/1/2015_p_nagy_robert.pdf
|z Dokumentum-elérés
|